| 000 | 01178cam a22001934a 4500 | ||
|---|---|---|---|
| 005 | 20250605164033.0 | ||
| 008 | 250528s ||||||||||||||||||||||||d | ||
| 035 | _a16699 | ||
| 020 | _a9607344103 | ||
| 040 |
_aGR-AtMCL _bgre _dGR-AtMCL _eAACR2 |
||
| 245 | 1 | _aΟικονομοτεχνικές Μελέτες | |
| 260 |
_bΣύγχρονη Εκδοτική, _c1998 |
||
| 300 | _a432 | ||
| 520 | _aΠρόλογος, Σχεδιασμός των Εκθέσεων, Βασικός Σχεδιασμός, Πηγές Πληροφοριών, Οργάνωση των Πληροφοριών και Δημιουργία του Περιγράμματος της Έκθεσης, Ερμηνεία των Πληροφορίων, Δομή των Τυπικών Εκθέσεων, Δομή των Μικρών Εκθέσεων - Ειδικές Εκθέσεις, Γραφικές Παραστάσεις (Graphic Arts), Εφαρμογές, Προβλέψεις, Προϋπολογισμοί, Ανάλυση Νεκρού Σημείου (EP), Παράρτημα Δεύτερου Μέρους. | ||
| 700 | 1 |
_aΜηλιώτη Ειρήνη _92790 |
|
| 942 | _cBK | ||
| 999 |
_c2174 _d2174 |
||